000 00930nam a22002897a 4500
001 00780
003 DO-SdBPM
005 20250731140340.0
007 ta
008 160720b 2005 sp 00| 0 spa d
020 _a9788403093942
040 _aDO-SdBPM
_bspa
_cBPMSU
_erda
082 4 _a659.111
_bO71a 2005
_222
100 1 _aOrleans, Beatriz de
_eautor
245 1 3 _aEl arte de hacer relaciones públicas [bien] /
_cBeatriz de Orleans ; colaboración Verónica P. Granado
264 _aMadrid :
_bSantillana Ediciones Generales,
_c2005.
300 _a172 páginas :
_c24 cm.
336 _atexto
_btxt
_2rdacontent
337 _asin mediación
_bn
_2rdamedia
338 _avolumen
_bnc
_2rdacarrier
590 _aInventariado, 2025/VM
650 7 _aRelaciones Públicas
650 7 _aÉtica Profesional
700 1 _aP. Granado, Verónica,
_ecolaboración
910 _aVMateo V. Control de calidad. BPMSU
942 _2ddc
_cBK
999 _c10957
_d10957